000 00925nam a22002657a 4500
003 BPGM
008 260626e1990 mx ||||g |||| 000 f spa d
020 _a968-6140-60-3
040 _bspa
041 _aspa
_hspa
082 0 4 _a862M
_bF74/T42
100 _aFRIAS Y SOTO, LUCIANO
_eAUTOR
245 _aTEATRO
250 _aPRIMERA EDICCION
_b1990
260 _aMEXICO
_bGOBIERNO DEL ESTADO DE QUERETARO
_c1990
300 _a´192 paginas
_c21 cm x 13.9 cm
336 _2rdacontent
_atexto
_btxt
337 _2rdamedia
_asin mediación
_bn
338 _2rdacarrier
_avolumen
_bnc
505 _aes una recopilación de piezas dramáticas que reflejan la tradición cultural y literaria de Querétaro y México en el siglo XIX, con un marcado estilo romántico y patriótico
650 _2LITERATURA Y RETORICA
650 _2LITERATURA ESPAÑOLA Y PORTUGUESA
650 _2NOVELÍSTICA ESPAÑOLA
942 _2ddc
_cCOLQ
999 _c68673
_d68673